000 00950nam a22003017a 4500
001 000736
003 DO-SdBNP
005 20180209131642.0
007 000736
008 161123b 1992 sp a ||||| |||| 00| 0 spa d
020 _a8434817772
040 _aBPMSU
_bspa
_cBPMSU
100 1 _aAlemparte, Cristina
245 1 0 _aLumbánico, el planeta cúbico /
_cCristina Alemparte ; ilustraciones, Margarita Menéndez.
250 _a8ª ed.
260 _aMadrid :
_bSM,
_c1992.
300 _a143 p. :
_bil. ;
_c19 cm.
490 1 _aBarco de vapor. Serie naranja
_v39
490 1 _aEl barco de vapor
_v100
500 _a"A partir de 9 años"
586 _aFinalista del premio El Barco de Vapor, 1983.
700 1 2 _aMenéndez, Margarita,
_eil.
830 0 _aBarco de vapor. Serie naranja ;
_v39
830 0 _aEl barco de vapor ;
_v100
942 _2ddc
_cBK
945 _aInventariado, 2018 /LP
956 _aLOPEREZ
_b10
_c20161123
_hBPMSU
999 _c12074
_d12074